[Event "15.Offene Südharz-Meisterschaft"]
[Site "Schloss Mansfeld"]
[Date "2022.12.18"]
[Round "5.2"]
[White "Kraus, Sebastian"]
[Black "Rohde, Niclas"]
[Result "1-0"]
[WhiteElo "1995"]
[BlackElo "1942"]
[PlyCount "95"]
[EventDate "2022.??.??"]

1. e4 c5 2. Nf3 d6 3. Bb5+ Bd7 4. Bxd7+ Qxd7 5. O-O Nc6 6. c3 Nf6 7. Qe2 e6 8.
Rd1 Be7 9. d4 Qc7 10. d5 Nd8 11. a4 O-O 12. Na3 a6 13. Nc4 exd5 14. exd5 Re8
15. Bg5 Bf8 16. Qd3 Ne4 17. Re1 f5 18. Ncd2 Nf7 19. Nxe4 fxe4 20. Rxe4 Ne5 21.
Nxe5 dxe5 22. Rae1 Qd7 23. b3 Bd6 24. Rh4 g6 25. Rhe4 Rf8 26. h4 Rf5 27. R1e2
Raf8 28. c4 R8f7 29. Qg3 h5 30. Bd2 Kh7 31. Bc3 Rf4 32. Bxe5 Bxe5 33. Rxe5 Rg4
34. Qe3 Rgf4 35. Qxc5 Qg4 36. Re7 Qxh4 37. Qc7 Kg7 38. Qe5+ Kh7 39. Re8 Qf6 40.
Qxf6 R4xf6 41. f3 Rb6 42. R8e7 Kg7 43. Rxf7+ Kxf7 44. Re3 Rd6 45. Kf2 b5 46.
axb5 axb5 47. Ke2 bxc4 48. bxc4 1-0

[Event "15.Offene Südharz-Meisterschaft"]
[Site "Schloss Mansfeld"]
[Date "2022.12.18"]
[Round "5.3"]
[White "Lehmann, Taylor"]
[Black "Herter, Arne"]
[Result "1-0"]
[WhiteElo "1780"]
[BlackElo "1981"]
[PlyCount "49"]
[EventDate "2022.??.??"]

1. e4 e5 2. Nf3 Nc6 3. Bc4 Bc5 4. c3 Nf6 5. d4 exd4 6. cxd4 Bb4+ 7. Bd2 Nxe4 8.
Bxb4 Nxb4 9. Bxf7+ Kxf7 10. Qb3+ d5 11. Qxb4 Rf8 12. O-O Kg8 13. Nc3 Rxf3 14.
Nxe4 Rd3 15. Nc5 a5 16. Qa4 Rd2 17. Rae1 c6 18. Re5 Bg4 19. f3 Bd7 20. Qb3 Rxd4
21. Qxb7 Be8 22. Re7 Rh4 23. Ne6 Qb8 24. Rxg7+ Kh8 25. Rg8+ 1-0

[Event "15.Offene Südharz-Meisterschaft"]
[Site "Schloss Mansfeld"]
[Date "2022.12.18"]
[Round "5.4"]
[White "Noennig, Jakob"]
[Black "Ziegenfuss, Antonia"]
[Result "0-1"]
[WhiteElo "1738"]
[BlackElo "2154"]
[PlyCount "46"]
[EventDate "2022.??.??"]

1. e4 c5 2. Nf3 d6 3. d4 cxd4 4. Nxd4 Nf6 5. Nc3 a6 6. Bg5 e6 7. Qe2 Be7 8. f4
Qc7 9. O-O-O O-O 10. g4 b5 11. a3 Bb7 12. Bg2 Nbd7 13. h4 Nb6 14. f5 d5 15. Nb1
Nxe4 16. Bxe4 dxe4 17. fxe6 Bxg5+ 18. hxg5 Qf4+ 19. Nd2 e3 20. N2f3 fxe6 21.
Rdf1 Bd5 22. Rh3 Bc4 23. Nh2 Qxf1+ 0-1

[Event "15.Offene Südharz-Meisterschaft"]
[Site "Schloss Mansfeld"]
[Date "2022.12.18"]
[Round "5.5"]
[White "Groebel, Aaron"]
[Black "Glock, Benjamin"]
[Result "1/2-1/2"]
[WhiteElo "2102"]
[BlackElo "1830"]
[PlyCount "42"]
[EventDate "2022.??.??"]

1. e4 c6 2. d3 d5 3. Nd2 e5 4. Ngf3 Bd6 5. g3 Nf6 6. Bg2 O-O 7. O-O h6 8. Re1
Re8 9. Nf1 Na6 10. exd5 cxd5 11. Ne3 Be6 12. c4 d4 13. Nc2 Bd7 14. Bd2 Nc5 15.
Bb4 Qc7 16. Bxc5 Bxc5 17. b4 Bf8 18. a4 a5 19. b5 Rad8 20. h3 Bc8 21. Re2 Qc5
1/2-1/2

[Event "15.Offene Südharz-Meisterschaft"]
[Site "Schloss Mansfeld"]
[Date "2022.12.18"]
[Round "5.6"]
[White "Haubold, Christian"]
[Black "Gersemann, Karl"]
[Result "1-0"]
[WhiteElo "2006"]
[BlackElo "1812"]
[PlyCount "111"]
[EventDate "2022.??.??"]

1. e4 e5 2. Nf3 Nc6 3. Bb5 a6 4. Ba4 Nf6 5. O-O b5 6. Bb3 Be7 7. Re1 d6 8. c3
Na5 9. Bc2 c5 10. d4 Bg4 11. dxe5 Bxf3 12. Qxf3 dxe5 13. Qg3 Qc7 14. Nd2 O-O-O
15. Nf3 Nc6 16. a4 b4 17. Ng5 Rhf8 18. f4 Bd6 19. f5 c4 20. Be3 b3 21. Bd1 h6
22. Nh3 Rg8 23. Be2 Na5 24. Nf2 Bc5 25. Red1 Rxd1+ 26. Rxd1 Qb6 27. Bxc5 Qxc5
28. Kf1 Nc6 29. Qf3 Kc7 30. Ng4 Rd8 31. Rxd8 Kxd8 32. Nxf6 gxf6 33. Qh5 Qe3 34.
Qxf7 Qf4+ 35. Ke1 Qc1+ 36. Kf2 Qf4+ 37. Bf3 Qd2+ 38. Kg3 Qxb2 39. Qxf6+ Kc7 40.
Qg7+ Kb6 41. a5+ Kxa5 42. Qc7+ Kb5 43. Qb7+ Ka5 44. f6 Qa3 45. f7 b2 46. Qxc6
b1=Q 47. Qd5+ Kb6 48. Qd8+ Ka7 49. f8=Q Qe1+ 50. Kg4 Qxf8 51. Qxf8 Qxc3 52. Be2
Qe3 53. Qf7+ Kb8 54. Qxc4 Qg5+ 55. Kh3 Qe3+ 56. Bf3 1-0

[Event "15.Offene Südharz-Meisterschaft"]
[Site "Schloss Mansfeld"]
[Date "2022.12.18"]
[Round "5.7"]
[White "Schellenberger, Dirk"]
[Black "Poetzsch, Reiko"]
[Result "1/2-1/2"]
[WhiteElo "1913"]
[BlackElo "1774"]
[PlyCount "85"]
[EventDate "2022.??.??"]

1. Nf3 d5 2. e3 Bf5 3. c4 c6 4. Nc3 e6 5. Be2 Nf6 6. O-O Bd6 7. b3 Qc7 8. Bb2
Nbd7 9. Rc1 a6 10. d3 O-O 11. h3 Rad8 12. Nh4 dxc4 13. Nxf5 exf5 14. bxc4 Nc5
15. Qc2 Rfe8 16. Rb1 Rd7 17. Kh1 f4 18. Nd1 Be7 19. d4 Nce4 20. Bd3 Bb4 21. a3
Bd2 22. exf4 Bxf4 23. Rg1 Nd2 24. Ra1 Nfe4 25. Bxe4 Nxe4 26. g3 Bh6 27. Kg2 Rd6
28. Re1 Rde6 29. Nc3 Nxc3 30. Bxc3 Qd6 31. Qb2 Qd7 32. Rxe6 Rxe6 33. Rb1 b5 34.
Qb3 Bg5 35. cxb5 cxb5 36. d5 Re2 37. Qd1 Re4 38. Qf3 Rc4 39. h4 Be7 40. Bb2 Bc5
41. Rc1 Rxc1 42. Bxc1 f6 43. Qd3 1/2-1/2

[Event "15.Offene Südharz-Meisterschaft"]
[Site "Schloss Mansfeld"]
[Date "2022.12.18"]
[Round "5.8"]
[White "Eckert, David"]
[Black "Doerge, Sven"]
[Result "1/2-1/2"]
[WhiteElo "1671"]
[BlackElo "1911"]
[PlyCount "93"]
[EventDate "2022.??.??"]

1. e4 e5 2. Nf3 Nc6 3. Bb5 d6 4. d4 exd4 5. Nxd4 Bd7 6. Nxc6 bxc6 7. Bc4 Qh4 8.
Bd3 Nf6 9. Qf3 Ng4 10. Qg3 Qf6 11. Nc3 h5 12. h4 Rb8 13. Ne2 Ne5 14. Qg5 Qxg5
15. hxg5 c5 16. Nf4 g6 17. Nd5 Kd8 18. O-O Bg7 19. Ne3 Be6 20. Be2 Nc6 21. c3
Rf8 22. Bc4 Ne5 23. Bxe6 fxe6 24. Nd1 Nd3 25. b3 Kd7 26. Bd2 Be5 27. Rb1 a5 28.
Nb2 Nf4 29. Rfe1 h4 30. Nc4 Nd3 31. Nxe5+ Nxe5 32. f3 h3 33. Rf1 hxg2 34. Kxg2
a4 35. f4 Nd3 36. c4 axb3 37. axb3 Ra8 38. Rf3 Nb4 39. Bxb4 cxb4 40. Rb2 Ra5
41. Kg3 Ra1 42. Rff2 e5 43. fxe5 Rg1+ 44. Rg2 Rxg2+ 45. Rxg2 dxe5 46. Rf2 Rxf2
47. Kxf2 1/2-1/2

[Event "15.Offene Südharz-Meisterschaft"]
[Site "Schloss Mansfeld"]
[Date "2022.12.18"]
[Round "5.9"]
[White "Schulemann, Gero"]
[Black "Reckner, Jens"]
[Result "1-0"]
[WhiteElo "1857"]
[BlackElo "1712"]
[PlyCount "111"]
[EventDate "2022.??.??"]

1. e4 e6 2. d4 d5 3. Nd2 dxe4 4. Nxe4 Nd7 5. Nf3 Ngf6 6. Ng3 c5 7. c3 Qb6 8.
Bd3 Be7 9. O-O O-O 10. Qe2 Rd8 11. Re1 Nf8 12. Be3 Bd7 13. h3 Rac8 14. b4 cxd4
15. Bxd4 Qc7 16. a3 Bc6 17. Ne5 Be8 18. Nc4 b6 19. Be5 Qb7 20. Ne3 b5 21. c4 a6
22. c5 Bc6 23. f3 N6d7 24. Ng4 Nxe5 25. Nxe5 Bf6 26. Nh5 Bxe5 27. Qxe5 f6 28.
Qe3 Rd5 29. Ng3 Re5 30. Qf2 Qc7 31. Be4 f5 32. Bxc6 Rxe1+ 33. Qxe1 Qxc6 34. Rd1
a5 35. Rd6 Qc7 36. Qe5 axb4 37. axb4 Ra8 38. Nxf5 Ra6 39. Nd4 Rxd6 40. cxd6 Qc4
41. Qc5 Nd7 42. Qxc4 bxc4 43. Nxe6 Kf7 44. Nd4 Kf6 45. f4 c3 46. Kf2 c2 47.
Nxc2 Ke6 48. Ke3 Kxd6 49. Kd4 Nf6 50. Ne1 Nd7 51. Nd3 Nb6 52. Nc5 Nc8 53. b5
Na7 54. b6 Nc6+ 55. Kc4 h6 56. g4 1-0

[Event "15.Offene Südharz-Meisterschaft"]
[Site "Schloss Mansfeld"]
[Date "2022.12.18"]
[Round "5.11"]
[White "Ziegenfuss, Holger"]
[Black "Schwarz, Matthias"]
[Result "1-0"]
[WhiteElo "2002"]
[BlackElo "1291"]
[PlyCount "65"]
[EventDate "2022.??.??"]

1. c4 Nf6 2. Nc3 d6 3. g3 g6 4. Bg2 Bg7 5. b3 O-O 6. e3 Nbd7 7. Bb2 c5 8. Nge2
Ne5 9. d4 cxd4 10. Nxd4 Qb6 11. Qd2 Rb8 12. O-O a6 13. h3 Bd7 14. Kh2 Qc7 15.
Rac1 Rfc8 16. Rfd1 Qa5 17. f4 Nc6 18. a3 Nxd4 19. exd4 b5 20. b4 Qb6 21. c5
dxc5 22. dxc5 Qe6 23. Re1 Qb3 24. Rxe7 Be6 25. Rb7 Rd8 26. Rxb8 Rxb8 27. Nd1
Ne8 28. Bxg7 Nxg7 29. Rc3 Qb1 30. Nf2 Nf5 31. Ne4 Kg7 32. g4 Nh4 33. Qd4+ 1-0

[Event "15.Offene Südharz-Meisterschaft"]
[Site "Schloss Mansfeld"]
[Date "2022.12.18"]
[Round "5.12"]
[White "Petzold, Johannes Julius"]
[Black "Duzy, Stefan"]
[Result "1/2-1/2"]
[WhiteElo "1678"]
[BlackElo "1975"]
[PlyCount "74"]
[EventDate "2022.??.??"]

1. e4 c5 2. Nf3 d6 3. d4 Nf6 4. Nc3 cxd4 5. Nxd4 g6 6. Be3 Bg7 7. f3 O-O 8. Qd2
Nc6 9. O-O-O d5 10. Nxc6 bxc6 11. exd5 cxd5 12. Nxd5 Nxd5 13. Qxd5 Qc7 14. Qc5
Qb7 15. Bd4 Bf5 16. Qb5 Qc7 17. Qc5 Bh6+ 18. Kb1 Qxc5 19. Bxc5 Rfc8 20. Rd5 e6
21. Rxf5 gxf5 22. Bf2 Bg7 23. c3 a5 24. a4 Rd8 25. Kc2 Bh6 26. Bd3 Rd5 27. Re1
Rad8 28. Bd4 Bf8 29. Bc4 Rxd4 30. cxd4 Rxd4 31. b3 Kg7 32. g3 Kf6 33. Rd1 Rxd1
34. Kxd1 Ke5 35. Ke2 Bc5 36. h3 f4 37. g4 h6 1/2-1/2

[Event "15.Offene Südharz-Meisterschaft"]
[Site "Schloss Mansfeld"]
[Date "2022.12.18"]
[Round "5.14"]
[White "Schlegel, Hagen"]
[Black "Hering, Sven"]
[Result "1/2-1/2"]
[WhiteElo "1623"]
[BlackElo "1849"]
[PlyCount "40"]
[EventDate "2022.??.??"]

1. d4 d5 2. Nf3 Nf6 3. g3 c5 4. Bg2 Nc6 5. O-O cxd4 6. Nxd4 e5 7. Nxc6 bxc6 8.
c4 Be6 9. Nc3 Be7 10. Bg5 e4 11. Qa4 O-O 12. Rad1 Qb6 13. cxd5 cxd5 14. Bxf6
Bxf6 15. Nxd5 Bxd5 16. Rxd5 Qxb2 17. Bxe4 Qxe2 18. Rd7 Rad8 19. Bd3 Qe6 20.
Rxd8 Rxd8 1/2-1/2